000 00541nam a2200181Ia 4500
003 GCL
008 140319s9999 xx 000 0 ara d
040 _aGCL /
_cGCL
082 0 4 _a176
_bس.ج
100 1 _aسهير حبيب
245 1 0 _aالجنس فى الحياة الزوجية /
_cسهير حبيب
260 _a[S.N] :
_bدار الثقافة العربية
300 _a110 ص
490 _aسلسلة كتب الحياة الجنسية
_v0
650 0 4 _aالجنس
650 0 4 _aالحياة الزوجية
942 _2ddc
_cBK
999 _c53255
_d53255